Tutorial Hysys separador flash etanol-acetona

El siguiente video muestra la simulacin̤ de proceso de separacin̤ en Aspen Hysys.

Uloženo v:
Podrobná bibliografie
Další autoři: Cabrera Mateos Jorge Manuel, Canal Jorge Manuel Cabrera Mateos / Youtube
Médium: Kniha
Jazyk:angličtina
Témata:
On-line přístup:Tutorial Hysys separador flash etanol-acetona
Tagy: Přidat tag
Žádné tagy, Buďte první, kdo vytvoří štítek k tomuto záznamu!

MARC

LEADER 00000nam a22000004a 4500
001 vpro6222
005 20201223000000.0
008 130731s2013 ck # g## #001 0#eng#d
020
022
040 |a CO-BoINGC 
041 0 |a eng 
245 1 0 |a Tutorial Hysys separador flash etanol-acetona 
246 |a Tutorial Hysys separador flash etanol-acetona 
264 |a Bogot ̀(Colombia) :  |b Revista VirtualPRO,  |c 2013 
520 3 |a El siguiente video muestra la simulacin̤ de proceso de separacin̤ en Aspen Hysys. 
650 \ \ |a Mťodos de simulacin̤ 
650 \ \ |a Tčnicas de simulacin̤ 
650 \ \ |a Ingeniera̕ qum̕ica 
650 \ \ |a Simulation methods 
650 \ \ |a Simulation techniques 
650 \ \ |a Chemical engineering 
650 \ \ |a modelado de procesos 
650 \ \ |a modelacin̤ computacional 
650 \ \ |a HYSYS 
650 \ \ |a process modeling 
650 \ \ |a computational modeling 
650 \ \ |a HYSYS  
700 \ \ |a Cabrera Mateos Jorge Manuel  
700 \ \ |a Canal Jorge Manuel Cabrera Mateos / Youtube. 
856 |z Tutorial Hysys separador flash etanol-acetona  |u https://virtualpro.unach.elogim.com/biblioteca/tutorial-hysys-separador-flash-etanol-acetona